000 01512nam0a2200349 4500
001 RU\NLR\bibl\17822
005 20260406053531.0
010 _a5-900937-09-7
_910000
021 _aRU
_b98-36540
_91743
035 _a(NLR Aleph) 000017399
090 _a75282
_c75282
100 _a19990325d1998 |||y0rusy50 ca
101 0 _arus
102 _aRU
105 _aa |||||||||
200 1 _aБлагодатный старец
_eСхиархим. Иоанн (Маслов)
_fН.В. Маслов
205 _a2-е доп. и перераб. изд.
210 _aМ.
_cКДА Н.В. Маслов
_d1998
215 _a95 с.
_cил.. портр.
_d22
320 _aБиблиогр. в прим.: с. 94-95
600 1 _aМаслов
_bИ.С.
_f1932 - 1991
_gИван Сергеевич
_92119240
_3RU\NLR\auth\661279903
600 0 _aИоанн
_cМаслов, Иван Сергеевич, схиархимандрит
_f1932 - 1991
_92119239
_3RU\NLR\auth\661279902
686 _aЭ372.24-37-028
700 1 _4070
_8rus
_7ca
_aМаслов
_bН. В.
_cмагистр богословия
_f1960-
_gНиколай Васильевич
_3RU\NLR\auth\7718681
_91757
702 0 _4570
_8rus
_7ca
_aИоанн
_cМаслов, Иван Сергеевич
_cсхиархимандрит
_f1932-1991
_3RU\NLR\auth\778263
_9118175
801 0 _aRU
_bNLR
_c19990325
_gPSBO
801 1 _aRU
_bNLR
_c19990325
852 _aNLR
_j98-6/2310
942 _cBOOK
980 _aNB